Closest Genetic Populations to the Druze - Statistics

General Stats
  • This quiz has been taken 17 times
  • The average score is 8 of 12
Answer Stats
Genetic Distance Ethnicity % Correct
3.136 Syrian
93%
2.283 Jordanian
87%
1.343 Lebanese
87%
5.315 Turkish
80%
3.378 Armenian
73%
5.290 Kurdish
73%
3.168 Assyrian
67%
2.179 Palestinian
67%
2.788 Greek
60%
4.730 Ashkenazi
47%
3.859 Sephardi
40%
2.747 Samaritan
13%
No matching quizzes found
Score Distribution
Percent of People with Each Score
Percentile by Number Answered
Your Score History
You have not taken this quiz